Motivácia a tvorivosť zamestnancov v rozvoji podniku

Motivácia zamestnancov je nevyhnutnou podmienkou úspešnosti podniku. Modifikácia vzťahu zamestnanec - podnik. Nové miesto a obsah motivácie. Niekoľko princípov motivačného manažmentu. Etické pracovné prostredie ako súčasť motivačnej politiky. Etika v evolučnom prostredí.

Gespeichert in:
Bibliographische Detailangaben
1. Verfasser: Marasová, Jana
Format: Buchkapitel
Sprache:Slowakisch
Schlagworte:
Tags: Tag hinzufügen
Keine Tags, Fügen Sie das erste Tag hinzu!

MARC

LEADER 00000naa$a2200000$$$4500
001 0045809
005 20231107071432.0
041 0 |a slo 
044 |a CZ 
245 1 0 |a Motivácia a tvorivosť zamestnancov v rozvoji podniku  |c Jana Marasová 
520 |a Motivácia zamestnancov je nevyhnutnou podmienkou úspešnosti podniku. Modifikácia vzťahu zamestnanec - podnik. Nové miesto a obsah motivácie. Niekoľko princípov motivačného manažmentu. Etické pracovné prostredie ako súčasť motivačnej politiky. Etika v evolučnom prostredí. 
610 2 0 |a motivácia pracovná 
610 2 0 |a motivácia 
610 2 0 |a podnety k práci 
610 2 0 |a etika podniková 
610 2 0 |a iniciatíva pracovná 
100 1 |a Marasová, Jana